El Ingenioso Hidalgo Don Quixote de la Mancha (Record no. 2188)
[ view plain ]
| 000 -CABECERA | |
|---|---|
| campo de control de longitud fija | 02307nam a2200313 a 4500 |
| 001 - NÚMERO DE CONTROL | |
| campo de control | BRCA_2447 |
| 005 - FECHA Y HORA DE LA ÚLTIMA TRANSACCIÓN | |
| campo de control | 20190320203820.0 |
| 008 - DATOS DE LONGITUD FIJA--INFORMACIÓN GENERAL | |
| campo de control de longitud fija | 181108s1814----fr-a---###---#000-0dspa-u |
| 041 ## - CÓDIGO DE LENGUA | |
| Código de lengua del texto/banda sonora o título independiente | spa |
| 044 ## - CÓDIGO DEL PAÍS DE LA ENTIDAD EDITORA/PRODUCTORA | |
| Código MARC del país | fr |
| 084 ## - OTRO NÚMERO DE CLASIFICACIÓN | |
| Número de clasificación | 088 |
| Número de documento/Ítem | .B677 |
| -- | 1814 |
| 100 1# - ENTRADA PRINCIPAL--NOMBRE DE PERSONA | |
| Nombre de persona | Cervantes Saavedra, Miguel de |
| Fechas asociadas al nombre | 1547-1616 |
| 9 (RLIN) | 213 |
| 245 10 - MENCIÓN DE TÍTULO | |
| Título | El Ingenioso Hidalgo Don Quixote de la Mancha |
| Mención de responsabilidad, etc. | compuesto por Miguel de Cervantes Saavedra bajo la dirección de José René Masson. |
| 260 ## - PUBLICACIÓN, DISTRIBUCIÓN, ETC. | |
| Lugar de publicación, distribución, etc. | París : Londres |
| Nombre del editor, distribuidor, etc. | Bossange y Masson |
| Fecha de publicación, distribución, etc. | 1814 |
| 300 ## - DESCRIPCIÓN FÍSICA | |
| Extensión | 7 v. |
| Otras características físicas | il. |
| Dimensiones | 15 cm. |
| 500 ## - NOTA GENERAL | |
| Nota general | Contenido : v 1. Retrato de Cervantes. Advertencia de los editores. Licencia de S. M.. Prólogo de la Real Academia. Vida de Cervantes y análisis del Quixote por V. de los Ríos. -- v 2. Primera parte. Principios de la edición príncipe. Dedicatoria. Prólogo del autor. Versos preliminares. Texto -- v 3. Texto. -- v 4. Texto. -- v 5. Segunda parte. Principios de la edición príncipe. Dedicatoria. Prólogo del autor. Texto. -- v 6. Texto. -- v 7. Texto |
| 500 ## - NOTA GENERAL | |
| Nota general | Edición : Nueva edición, conforme en todo a la de la Real Academia Española hecha en Madrid en 1782. Además del Juicio crítico y análisis del Quixote. Plan cronológico de sus viajes, la Vida de Cervantes y los documentos que la comprueban, comprehendidos en la dicha edición de la Academia, se han añadido a esta las notas críticas y curiosas. Don Quijote |
| 500 ## - NOTA GENERAL | |
| Nota general | Exceptuando las notas de J. A. Pellicer que se adicionaron, en todo lo demás es una copia de la edición de la Academia de 1782, con las mismas láminas reducidas a menor tamaño y grabadas de nuevo por artistas franceses. Tanto en la parte literaria como en la tipográfica, se nota el cariño y esmero con que fue hecha esta edición. Semipiel; lomeras adornadas con filetes y letras dorados Lúdovik Osterc |
| 500 ## - NOTA GENERAL | |
| Nota general | QM71 |
| 650 14 - PUNTO DE ACCESO ADICIONAL DE MATERIA--TÉRMINO DE MATERIA | |
| Término de materia o nombre geográfico como elemento de entrada | Novela española |
| Subdivisión cronológica | Época clásica, 1500-1700 |
| 9 (RLIN) | 215 |
| 650 14 - PUNTO DE ACCESO ADICIONAL DE MATERIA--TÉRMINO DE MATERIA | |
| Término de materia o nombre geográfico como elemento de entrada | Literatura española |
| Subdivisión cronológica | Época clásica, 1500-1700 |
| 9 (RLIN) | 216 |
| 650 14 - PUNTO DE ACCESO ADICIONAL DE MATERIA--TÉRMINO DE MATERIA | |
| Término de materia o nombre geográfico como elemento de entrada | Novela española |
| Subdivisión cronológica | Siglo XVII |
| 9 (RLIN) | 217 |
| 650 14 - PUNTO DE ACCESO ADICIONAL DE MATERIA--TÉRMINO DE MATERIA | |
| Término de materia o nombre geográfico como elemento de entrada | Don Quijote (Personaje ficticio) |
| Término indicativo de función/relación | Novela |
| 9 (RLIN) | 218 |
| 700 1# - PUNTO DE ACCESO ADICIONAL--NOMBRE DE PERSONA | |
| Nombre de persona | Masson, José René |
| Término indicativo de función/relación | Impresor |
| 9 (RLIN) | 7145 |
| 700 1# - PUNTO DE ACCESO ADICIONAL--NOMBRE DE PERSONA | |
| Nombre de persona | Ríos, Vicente de los |
| Fechas asociadas al nombre | 1732-1779 |
| Término indicativo de función/relación | Biógrafo |
| 9 (RLIN) | 7146 |
| 740 0# - PUNTO DE ACCESO ADICIONAL--TÍTULO RELACIONADO O ANALÍTICO NO CONTROLADO | |
| Título relacionado o analítico no controlado | El Ingenioso Hidalgo Don Quijote de la Mancha |
| 902 ## - CATALOGADOR | |
| Iniciales | QFM |
| 942 ## - ELEMENTOS DE PUNTO DE ACCESO ADICIONAL (KOHA) | |
| Fuente del sistema de clasificación o colocación | Library of Congress Classification |
| Tipo de ítem Koha | Libros |
| Estado de retiro | Estado de pérdida | Estado dañado | No para préstamo | Localización permanente | Ubicación/localización actual | Fecha de adquisición | Número de inventario | Total de préstamos | Signatura topográfica completa | Código de barras | Fecha visto por última vez | Precio válido a partir de | Tipo de ítem Koha |
|---|---|---|---|---|---|---|---|---|---|---|---|---|---|
| El ejemplar forma parte de la colección y puede ser consultado según las políticas vigentes. | Biblioteca del Museo Franz Mayer (Rogerio Casas-Alatriste) | Biblioteca del Museo Franz Mayer (Rogerio Casas-Alatriste) | 18/11/2008 | QM71 | 088 .B677 1814 (QM71) | 2444 | 22/03/2019 | 22/03/2019 | Libros |